00952nam a2200229 a 450000100100000000500170001000800410002704000250006808200200009310000270011324500940014026000410023430000200027559000270029565000270032265000310034970000450038091000380042595201240046395201180058799900170070500001285820240530073915.0091118t1973 dr 001 f spa d aDO-SdBNPbspacBNPHU aRD863.44bP421m1 aPepen, Virginia92973810aMisterios :bnovela /cVirginia Pepen vda Rodríguez ; prólogo D. L. Creales Guerrero. aSanto Domingo :bArte y Cine,c1973. a74 p. ;c22 cm. aInventariado, 2020 /LP 0aNovela dominicana9223 0aLiteratura dominicana.9671 aCreales Guerrero, D. L.,epról.929739 aValidado. Control de calidad EMS. 0010718PDaPDbPDcHDd2009-11-19iLF1l0oRD863.44 P421mp12858-20r2020-06-25te. 2w2020-06-25yLFPDZNo se presta 0010718PDaPDbPDcHDd2009-11-18iLF1l0oRD863.44 P421mp12858-10r2020-06-25w2020-06-25yLFPDZNo se presta c12506d12506